[Event "Dimanche 2006.02.06"]
[Site "Montreal CAN"]
[Date "2006.02.13"]
[Round "2"]
[White "Gadbois, Patrick"]
[Black "Lacroix, Serge"]
[Result "0-1"]
[WhiteElo "1926"]
[BlackElo "2000"]
[PlyCount "82"]
[EventDate "2006.02.06"]
[EventType "tourn"]
[EventRounds "5"]
[EventCountry "CAN"]

1. d4 Nf6 2. Nf3 e6 3. e3 b6 4. Bd3 d5 5. Nbd2 c5 6. c3 Be7 7. O-O O-O 8. Ne5
Bb7 9. f4 Nbd7 10. Rf3 Ne4 11. Rh3 f5 12. Nxd7 Qxd7 13. Nf3 Bf6 14. Bd2 a5 15.
Be1 Ba6 16. Bh4 Bxd3 17. Qxd3 c4 18. Qe2 b5 19. Bxf6 gxf6 20. Nd2 Nd6 21. g4
fxg4 22. Qxg4+ Kh8 23. Kf2 Rg8 24. Qh4 Rg6 25. Rg1 Nf5 26. Qh5 Rxg1 27. Kxg1
Rg8+ 28. Kf2 Qg7 29. Ke1 b4 30. Nf1 bxc3 31. bxc3 Rb8 32. Qe2 a4 33. e4 Rb1+
34. Kf2 Nd6 35. exd5 exd5 36. Rg3 Ne4+ 37. Qxe4 dxe4 38. Rxg7 Kxg7 39. Nd2 Rb2
40. Ke3 Rxa2 41. Nxe4 Rxh2 0-1

[Event "Benefice Myriam Roy"]
[Site "Varennes CAN"]
[Date "2005.12.03"]
[Round "2"]
[White "Lacroix, Serge"]
[Black "Crete, Michel"]
[Result "0-1"]
[WhiteElo "1989"]
[BlackElo "1910"]
[PlyCount "105"]
[EventDate "2005.12.02"]
[EventType "swiss"]
[EventRounds "5"]
[EventCountry "CAN"]

1. e4 e5 2. f4 d5 3. exd5 c6 4. d4 exd4 5. Qxd4 Nf6 6. Nf3 Qxd5 7. Nc3 Qxd4 8.
Nxd4 Bc5 9. Be3 O-O 10. O-O-O Re8 11. Bg1 Bg4 12. Nde2 Nbd7 13. h3 Be6 14. Nd4
Nf8 15. g4 Bd5 16. Nxd5 Nxd5 17. f5 Ne3 18. Bxe3 Rxe3 19. Nb3 Bb6 20. Bd3 Rae8
21. Nd2 Bc7 22. Nc4 R3e7 23. c3 b5 24. Nd2 Nd7 25. Nb3 Bb6 26. Kc2 a6 27. Nd4
Ne5 28. Rhf1 c5 29. Nf3 c4 30. Be2 Nxg4 31. hxg4 Rxe2+ 32. Rd2 Rxd2+ 33. Kxd2
Kf8 34. g5 f6 35. gxf6 gxf6 36. b3 Re4 37. bxc4 Rxc4 38. Kd3 Ba5 39. Nd4 Bxc3
40. Ne6+ Ke7 41. Rh1 Kd6 42. a4 Be5 43. axb5 axb5 44. Rxh7 Kd5 45. Rd7+ Bd6 46.
Rb7 Rb4 47. Kc3 Ke4 48. Rb6 Rc4+ 49. Kb3 Be5 50. Rxb5 Rc6 51. Kb4 Kxf5 52. Nc5
Bd6 53. Kc4 0-1

[Event "Benefice Myriam Roy"]
[Site "Varennes CAN"]
[Date "2005.12.03"]
[Round "3"]
[White "Rainton, Jean-Pierre"]
[Black "Lacroix, Serge"]
[Result "0-1"]
[WhiteElo "1678"]
[BlackElo "1989"]
[PlyCount "104"]
[EventDate "2005.12.02"]
[EventType "swiss"]
[EventRounds "5"]
[EventCountry "CAN"]

1. e4 e5 2. d4 exd4 3. Qxd4 Nc6 4. Qe3 d6 5. Nc3 Nf6 6. f3 Be6 7. Nh3 d5 8.
exd5 Nxd5 9. Nxd5 Qxd5 10. Nf4 Qe5 11. Qxe5 Nxe5 12. Nxe6 fxe6 13. Bd2 Be7 14.
O-O-O O-O-O 15. Be2 Bf6 16. f4 Nc6 17. Bg4 Rd6 18. Rhe1 Re8 19. c3 Kd8 20. Re2
e5 21. Rde1 Re7 22. Bf3 exf4 23. Bxf4 Rxe2 24. Rxe2 Rd7 25. Bxc6 bxc6 26. Re6
c5 27. Ra6 Rf7 28. Be3 Be7 29. Rxa7 Bd6 30. Ra4 Rf1+ 31. Kd2 Rb1 32. Kc2 Re1
33. Bd2 Re2 34. Rg4 h5 35. Rc4 Rxg2 36. Kd3 Rxh2 37. a4 Rh3+ 38. Kc2 Kc8 39.
Kb3 Rg3 40. Be1 Rf3 41. Bd2 Kb7 42. Rh4 g6 43. Rh1 Kc6 44. Rg1 Rg3 45. Rf1 h4
46. Be1 Rg4 47. Rf3 g5 48. Rf1 h3 49. Rf3 c4+ 50. Ka2 h2 51. Rh3 Rg1 52. Rxh2
Bxh2 0-1

[Event "Benefice Myriam Roy"]
[Site "Varennes CAN"]
[Date "2005.12.04"]
[Round "4"]
[White "Lacroix, Serge"]
[Black "Schleifer, Michael"]
[Result "0-1"]
[WhiteElo "1989"]
[BlackElo "2353"]
[PlyCount "136"]
[EventDate "2005.12.02"]
[EventType "swiss"]
[EventRounds "5"]
[EventCountry "CAN"]

1. e4 c5 2. Nf3 e6 3. d4 cxd4 4. Nxd4 Nf6 5. Nc3 d6 6. Bg5 h6 7. Bxf6 Qxf6 8.
Bb5+ Nd7 9. Bxd7+ Bxd7 10. Qd2 a6 11. a4 Qd8 12. a5 b5 13. axb6 Qxb6 14. O-O
Be7 15. Ra3 O-O 16. Kh1 Bf6 17. Nde2 Rfd8 18. f4 a5 19. f5 Qc5 20. fxe6 fxe6
21. Nf4 Rf8 22. Raa1 a4 23. Rad1 Bg5 24. Qxd6 Qxd6 25. Rxd6 Bc8 26. g3 e5 27.
h4 Be7 28. Rc6 exf4 29. Nd5 Bd8 30. Nxf4 Bb7 31. Re6 Bf6 32. Kh2 Rfe8 33. c3
Rxe6 34. Nxe6 Bxe4 35. Nc5 Bc6 36. Rd1 Re8 37. Rd2 h5 38. Rd6 Re2+ 39. Kg1 Bb5
40. Rb6 Rxb2 41. Nxa4 Rb1+ 42. Kf2 Bd3 43. Rc6 Bc2 44. Nb6 Rd1 45. Nc4 Rd3 46.
Ne3 Bb3 47. Nf5 Rxc3 48. Ra6 Bd1 49. Nh6+ Kh7 50. Nf7 Bg4 51. Ng5+ Bxg5 52.
hxg5 Rf3+ 53. Kg2 Rf5 54. g6+ Kh6 55. Rb6 Rg5 56. Rb8 Kxg6 57. Rb6+ Kh7 58. Ra6
Rc5 59. Ra2 Rc3 60. Rb2 Bf5 61. Rb5 g6 62. Rb7+ Kh6 63. Rb8 Be4+ 64. Kh3 Bc6
65. Rb4 Rc1 66. g4 Rh1+ 67. Kg3 Rf1 68. Kh2 hxg4 0-1

[Event "Benefice Myriam Roy"]
[Site "Varennes CAN"]
[Date "2005.12.04"]
[Round "5"]
[White "Lawson, Eric"]
[Black "Lacroix, Serge"]
[Result "1-0"]
[WhiteElo "2411"]
[BlackElo "1989"]
[PlyCount "89"]
[EventDate "2005.12.02"]
[EventType "swiss"]
[EventRounds "5"]
[EventCountry "CAN"]

1. d4 d5 2. Bg5 c5 3. e3 Qb6 4. Nc3 cxd4 5. exd4 e6 6. Rb1 Be7 7. h4 h6 8. Bxe7
Nxe7 9. Bd3 Nbc6 10. Nf3 Bd7 11. Ne2 Nb4 12. O-O Nxd3 13. Qxd3 Bb5 14. Qd2 Bc4
15. b3 Bxe2 16. Qxe2 Rc8 17. c4 Qa6 18. Rfc1 O-O 19. h5 Qd6 20. c5 Qf4 21. Qe5
Qxe5 22. Nxe5 Nc6 23. Nxc6 bxc6 24. b4 a6 25. Rc3 Ra8 26. Ra3 Rfb8 27. Ra5 Rb7
28. Rb3 g6 29. hxg6 fxg6 30. a4 Rab8 31. Rxa6 Rxb4 32. Rxb4 Rxb4 33. a5 Rxd4
34. Rxc6 Rd1+ 35. Kh2 Kf7 36. Rc7+ Kf6 37. a6 Ke5 38. a7 Ra1 39. Rd7 d4 40. c6
d3 41. c7 Rxa7 42. c8=Q d2 43. Qc3+ Kf5 44. Qd3+ Kg4 45. Rxa7 1-0

[Event "Sicotte II"]
[Site "Montreal CAN"]
[Date "2005.10.26"]
[Round "1"]
[White "Boudreau, Daniel"]
[Black "Lacroix, Serge"]
[Result "0-1"]
[WhiteElo "1984"]
[BlackElo "2016"]
[PlyCount "124"]
[EventDate "2005.10.27"]
[EventType "tourn"]
[EventRounds "5"]
[EventCountry "CAN"]

1. e4 c5 2. Nf3 Nc6 3. Bb5 e6 4. Bxc6 bxc6 5. O-O d5 6. e5 Ne7 7. c3 Ba6 8. d3
Rb8 9. Re1 Nf5 10. a3 c4 11. dxc4 Bxc4 12. Nbd2 Ba6 13. b4 c5 14. Nb3 Bc4 15.
Na5 Bb5 16. Be3 Be7 17. g4 Nxe3 18. Rxe3 h5 19. Nd2 hxg4 20. Qxg4 Bg5 21. f4 d4
22. Ne4 dxe3 23. Nd6+ Kf8 24. fxg5 Rb6 25. Qf4 Rxd6 26. exd6 e2 27. a4 Bxa4 28.
Nc4 Bd1 29. Kf2 Qb8 30. Ne5 Qb7 31. d7 Ke7 32. Rxa7 e1=Q+ 33. Kxe1 Qh1+ 34. Qf1
Qe4+ 35. Kxd1 Qb1+ 36. Ke2 Qc2+ 37. Ke3 Qxc3+ 38. Nd3 Qd4+ 39. Kf3 Qd5+ 40. Kg4
Qe4+ 41. Kg3 Qe3+ 42. Kg4 Qe4+ 43. Qf4 Qe2+ 44. Qf3 Rh4+ 45. Kxh4 Qxf3 46. Nxc5
Qf4+ 47. Kh3 Qxb4 48. Ra8 Qc3+ 49. Kh4 Qe1+ 50. Kh3 Qe3+ 51. Kg4 Qg1+ 52. Kh3
Qf1+ 53. Kg3 Qe1+ 54. Kg4 Qe2+ 55. Kg3 Qe5+ 56. Kg4 Qf5+ 57. Kg3 Qxg5+ 58. Kh3
Qf5+ 59. Kg3 Qe5+ 60. Kg4 f5+ 61. Kh3 Qe3+ 62. Kh4 Qf4+ 0-1

[Event "Sicotte II"]
[Site "Montreal CAN"]
[Date "2005.11.02"]
[Round "2"]
[White "Lacroix, Serge"]
[Black "Marcone, Malcom"]
[Result "1-0"]
[WhiteElo "2016"]
[BlackElo "2015"]
[PlyCount "101"]
[EventDate "2005.10.27"]
[EventType "tourn"]
[EventRounds "5"]
[EventCountry "CAN"]

1. e4 e6 2. d4 d5 3. Nc3 Bb4 4. e5 Qd7 5. Qg4 f5 6. Qh5+ Qf7 7. Qd1 b6 8. f4 a5
9. Nf3 a4 10. a3 Bxc3+ 11. bxc3 Qh5 12. Bd3 Ne7 13. Be3 Nbc6 14. Qe2 O-O 15.
Rb1 Bd7 16. O-O Na5 17. Rb4 Rfb8 18. Rfb1 Qe8 19. Nd2 Nec6 20. R4b2 Qf8 21. Ra2
Ne7 22. h3 Kh8 23. Bf2 c6 24. g4 fxg4 25. hxg4 Qxf4 26. Rf1 Ng6 27. Bxg6 hxg6
28. Bh4 Qh6 29. Be7 Re8 30. Bd6 Nb7 31. Rf2 Kg8 32. Bc7 c5 33. Ra1 cxd4 34.
Bxb6 dxc3 35. Be3 Bb5 36. Qf3 Rf8 37. Qxf8+ Rxf8 38. Rxf8+ Kxf8 39. Bxh6 gxh6
40. Nf3 Be2 41. Kf2 Bxf3 42. Kxf3 Nc5 43. Rb1 Nd7 44. Re1 g5 45. Re3 d4 46. Re1
Nc5 47. Rd1 d3 48. Ke3 dxc2 49. Rc1 Nd7 50. Kd4 Ke7 51. Rxc2 1-0

[Event "Sicotte II"]
[Site "Montreal CAN"]
[Date "2005.11.09"]
[Round "3"]
[White "Libersan, Thierry"]
[Black "Lacroix, Serge"]
[Result "0-1"]
[WhiteElo "2139"]
[BlackElo "2016"]
[PlyCount "98"]
[EventDate "2005.10.27"]
[EventType "tourn"]
[EventRounds "5"]
[EventCountry "CAN"]

1. e4 e5 2. Nf3 Nc6 3. Bb5 a6 4. Ba4 Nf6 5. O-O Be7 6. Re1 b5 7. Bb3 d6 8. c3
Bg4 9. d3 Na5 10. Bc2 c5 11. Nbd2 Nc6 12. h3 Be6 13. Nf1 O-O 14. d4 cxd4 15.
cxd4 exd4 16. b3 d5 17. e5 Ne4 18. Bxe4 dxe4 19. Rxe4 Qd5 20. Re2 Rfd8 21. N1d2
Rac8 22. a4 Nb4 23. axb5 axb5 24. Ba3 Bf5 25. Ne1 d3 26. Re3 Bc5 27. Bxb4 Bxb4
28. Nef3 Rc2 29. Re1 Rdc8 30. Re3 Ba3 31. Rxa3 Rc1 32. Ra1 Rxd1+ 33. Rxd1 h5
34. Kh2 Rc3 35. Ra1 Rc2 36. Ra6 g6 37. Rd6 Qc5 38. Rd8+ Kg7 39. Rd6 Qc3 40. g4
Rxd2 41. Nxd2 Qxd2 42. Kg3 hxg4 43. hxg4 Be6 44. Rdxd3 Qc1 45. f3 Qg1+ 46. Kh3
Kh6 47. Rc3 Kg5 48. Rcd3 Bc8 49. Rc3 Bb7 0-1

[Event "Sicotte II"]
[Site "Montreal CAN"]
[Date "2005.11.16"]
[Round "4"]
[White "Lacroix, Serge"]
[Black "Bolduc, Steve"]
[Result "0-1"]
[WhiteElo "2016"]
[BlackElo "2307"]
[PlyCount "104"]
[EventDate "2005.10.27"]
[EventType "tourn"]
[EventRounds "5"]
[EventCountry "CAN"]

1. e4 c5 2. Nf3 d6 3. d4 cxd4 4. Nxd4 Nf6 5. Nc3 a6 6. Be2 e5 7. Nb3 Be6 8. Bg5
Be7 9. Bxf6 Bxf6 10. O-O Nc6 11. Nd5 Bg5 12. Bg4 O-O 13. c3 Ne7 14. Nxe7+ Qxe7
15. Bf3 Rac8 16. Bg4 Rfd8 17. Bxe6 Qxe6 18. Qe2 f5 19. exf5 Qxf5 20. Rfe1 Bf6
21. Qe4 Qxe4 22. Rxe4 d5 23. Re2 d4 24. cxd4 exd4 25. Rd1 d3 26. Red2 Rc2 27.
Kf1 Rxb2 28. Rxb2 Bxb2 29. Nc5 d2 30. Ne4 Bc1 31. Ke2 Kf7 32. Nxd2 Bxd2 33.
Rxd2 Rxd2+ 34. Kxd2 Ke6 35. Kd3 Kd5 36. a4 b6 37. h4 h5 38. f3 Ke5 39. g3 Kd5
40. Kc3 b5 41. axb5 axb5 42. Kb4 Kd4 43. g4 Ke3 44. gxh5 Kxf3 45. Kxb5 Kg4 46.
h6 gxh6 47. Kc4 Kxh4 48. Kd3 Kg3 49. Ke2 Kg2 50. Ke3 h5 51. Kf4 h4 52. Kg4 h3
0-1

[Event "Sicotte II"]
[Site "Montreal CAN"]
[Date "2005.11.23"]
[Round "5"]
[White "Ayotte, Jocelyn"]
[Black "Lacroix, Serge"]
[Result "1/2-1/2"]
[WhiteElo "2057"]
[BlackElo "2016"]
[PlyCount "103"]
[EventDate "2005.10.27"]
[EventType "tourn"]
[EventRounds "5"]
[EventCountry "CAN"]

1. d4 Nf6 2. c4 e6 3. Nf3 d5 4. Nc3 b6 5. Bg5 Be7 6. e3 O-O 7. Bd3 Bb7 8. O-O
c5 9. Qe2 Nbd7 10. Rac1 h6 11. Bh4 Ne4 12. Bxe7 Qxe7 13. Rfd1 Rac8 14. cxd5
Nxc3 15. bxc3 exd5 16. Rb1 Bc6 17. Bb5 c4 18. a4 Qd6 19. Qc2 f5 20. Re1 Rfe8
21. Nd2 Re7 22. Re2 Kh8 23. Rbe1 g6 24. f4 g5 25. Bxc6 Qxc6 26. Nf3 g4 27. Ne5
Nxe5 28. dxe5 h5 29. Rd2 Qc5 30. Rd4 h4 31. Qd2 Rd8 32. Rd1 h3 33. Qc2 Rf7 34.
Qe2 hxg2 35. Kxg2 Rh7 36. e4 fxe4 37. Qxe4 dxe4 38. Rxd8+ Kg7 39. R1d6 Rxh2+
40. Kxh2 Qf2+ 41. Kh1 Qf1+ 42. Kh2 Qxf4+ 43. Kh1 Qc1+ 44. Kg2 Qc2+ 45. Kh1 Qxa4
46. Kg2 Qc2+ 47. Kg3 Qxc3+ 48. Kf4 Qf3+ 49. Kg5 Qe3+ 50. Kf5 Qf2+ 51. Kg5 Qe3+
52. Kf5 1/2-1/2

[Event "Sicotte II"]
[Site "Montreal CAN"]
[Date "2005.11.30"]
[Round "6"]
[White "Lacroix, Serge"]
[Black "Malveau, Cedric"]
[Result "1/2-1/2"]
[WhiteElo "2016"]
[BlackElo "1942"]
[PlyCount "71"]
[EventDate "2005.10.27"]
[EventType "tourn"]
[EventRounds "5"]
[EventCountry "CAN"]

1. d4 Nf6 2. c4 e6 3. Nc3 Bb4 4. e3 b6 5. Nge2 Ne4 6. Bd2 Nxd2 7. Qxd2 d5 8. a3
Be7 9. Nf4 c6 10. Bd3 Nd7 11. O-O Nf6 12. b4 dxc4 13. Bxc4 O-O 14. Qe2 a5 15.
b5 cxb5 16. Nxb5 Bb7 17. Rfc1 Qd7 18. Nd3 Rfc8 19. Ne5 Qd8 20. f3 Bd6 21. Nd3
Bd5 22. Bxd5 Nxd5 23. e4 Nf4 24. Nxf4 Bxf4 25. Rxc8 Rxc8 26. g3 Bd6 27. Kg2 Qd7
28. a4 Bb4 29. Qd1 Qc6 30. Kh3 Qc2 31. d5 exd5 32. Qxd5 Rc6 33. Ra2 Rh6+ 34.
Kg4 Rg6+ 35. Kh3 Rh6+ 36. Kg4 1/2-1/2

[Event "Sicotte II"]
[Site "Montreal CAN"]
[Date "2005.12.07"]
[Round "7"]
[White "Sicotte, Marc"]
[Black "Lacroix, Serge"]
[Result "1-0"]
[WhiteElo "2030"]
[BlackElo "2016"]
[PlyCount "57"]
[EventDate "2005.10.27"]
[EventType "tourn"]
[EventRounds "5"]
[EventCountry "CAN"]

1. e4 e5 2. f4 exf4 3. Nf3 Be7 4. Bc4 Nf6 5. e5 Ng4 6. d4 Ne3 7. Bxe3 fxe3 8.
Nc3 c6 9. O-O O-O 10. Ne4 d5 11. exd6 Bxd6 12. Nfg5 Be6 13. Qh5 h6 14. Bxe6
fxe6 15. Qg6 hxg5 16. Nxg5 Rf2 17. Qh7+ Kf8 18. Nxe6+ Ke7 19. Nxd8 Kxd8 20.
Qg8+ Kc7 21. Rxf2 exf2+ 22. Kxf2 a5 23. Re1 Ra6 24. Re8 Ra8 25. Rc8+ Kb6 26.
Qd8+ Bc7 27. Qxc7+ Ka7 28. Rxb8 Rxb8 29. Qxa5# 1-0

[Event "Sicotte II"]
[Site "Montreal CAN"]
[Date "2005.12.14"]
[Round "8"]
[White "Lacroix, Serge"]
[Black "Gilman, Arkadiy"]
[Result "0-1"]
[WhiteElo "2016"]
[BlackElo "2143"]
[PlyCount "70"]
[EventDate "2005.10.27"]
[EventType "tourn"]
[EventRounds "5"]
[EventCountry "CAN"]

1. d4 Nf6 2. c4 c6 3. Nc3 d5 4. Bf4 dxc4 5. e4 b5 6. e5 Nd5 7. Nxd5 cxd5 8. b3
e6 9. bxc4 bxc4 10. Be2 Bb4+ 11. Bd2 Qa5 12. Bxb4 Qxb4+ 13. Kf1 O-O 14. h4 Nc6
15. Rb1 Qe7 16. Rh3 Bd7 17. f4 Rab8 18. Nf3 Rxb1 19. Qxb1 Rb8 20. Qc2 Qb4 21.
Kf2 Qb2 22. Qxb2 Rxb2 23. Rh1 Nb4 24. a3 Na2 25. Ke3 Ba4 26. Bd1 Rb1 27. Kd2
c3+ 28. Ke2 Bxd1+ 29. Rxd1 c2 30. Rd2 c1=Q 31. Rxa2 Qf1+ 32. Ke3 Rb3+ 33. Kd2
Rd3+ 34. Kc2 Qe2+ 35. Kc1 Rd1# 0-1

[Event "Coupe Montreal B"]
[Site "Montreal CAN"]
[Date "2005.10.19"]
[Round "1"]
[White "Lacroix, Serge"]
[Black "Tremblay, Alain"]
[Result "0-1"]
[WhiteElo "1970"]
[BlackElo "2048"]
[PlyCount "58"]
[EventDate "2005.10.19"]
[EventType "tourn"]
[EventRounds "5"]
[EventCountry "CAN"]

1. e4 c5 2. Nf3 e6 3. d4 cxd4 4. Nxd4 a6 5. c4 Nf6 6. Nc3 Qc7 7. Bd3 d6 8. O-O
Be7 9. Kh1 Nbd7 10. f4 b6 11. Qe2 Bb7 12. f5 e5 13. Nc2 Nc5 14. Nb4 Nxd3 15.
Qxd3 Rc8 16. b3 b5 17. Ncd5 Nxd5 18. Nxd5 Bxd5 19. cxd5 Qc3 20. Qxc3 Rxc3 21.
Bd2 Rc2 22. Rfd1 Kd7 23. a4 Rhc8 24. axb5 axb5 25. h3 Rb2 26. Rab1 Rcc2 27.
Rxb2 Rxb2 28. b4 h6 29. Kg1 Bg5 0-1

[Event "Coupe Montreal B"]
[Site "Montreal CAN"]
[Date "2005.10.26"]
[Round "2"]
[White "Lacroix, Serge"]
[Black "Arsenault, Nicolas"]
[Result "1-0"]
[WhiteElo "1970"]
[BlackElo "2054"]
[PlyCount "71"]
[EventDate "2005.10.19"]
[EventType "tourn"]
[EventRounds "5"]
[EventCountry "CAN"]

1. e4 e6 2. d4 d5 3. Nc3 Nf6 4. Bg5 Bb4 5. e5 h6 6. Bd2 Bxc3 7. bxc3 Ne4 8. Bd3
Nxd2 9. Qxd2 c5 10. f4 Qa5 11. Nf3 Nc6 12. dxc5 Qxc5 13. Nd4 Bd7 14. Nb3 Qb6
15. a4 O-O 16. a5 Qc7 17. O-O f6 18. exf6 Rxf6 19. a6 b6 20. Nd4 Raf8 21. g3
Na5 22. Rfe1 Rc8 23. Re3 Qc5 24. Kg2 Kh8 25. Rae1 Qxc3 26. Qxc3 Rxc3 27. Nxe6
Nc4 28. R3e2 Nb2 29. Ng5 Rc8 30. Re7 Nxd3 31. cxd3 Bb5 32. Nf7+ Kg8 33. Ne5
Rc2+ 34. Kf3 h5 35. Rxa7 Ra2 36. Rc1 1-0

[Event "Coupe Montreal B"]
[Site "Montreal CAN"]
[Date "2005.11.10"]
[Round "4"]
[White "Lacroix, Serge"]
[Black "Ye, Ling Feng"]
[Result "1/2-1/2"]
[WhiteElo "1970"]
[BlackElo "2064"]
[PlyCount "100"]
[EventDate "2005.10.19"]
[EventType "tourn"]
[EventRounds "5"]
[EventCountry "CAN"]

1. e4 c5 2. Nf3 e6 3. d4 cxd4 4. Nxd4 d6 5. Nc3 a6 6. Be2 Nc6 7. O-O Nf6 8. Bg5
Be7 9. Kh1 O-O 10. f4 Qc7 11. Bf3 Nxd4 12. Qxd4 e5 13. Qd2 exf4 14. Qxf4 Be6
15. Rad1 Rad8 16. Qg3 Ne8 17. Bxe7 Qxe7 18. Rd2 b5 19. Rfd1 b4 20. Ne2 Rc8 21.
Nd4 Nf6 22. Nf5 Bxf5 23. exf5 Ne4 24. Bxe4 Qxe4 25. f6 Qg6 26. Qxd6 Qxf6 27.
Qxf6 gxf6 28. h3 Rc5 29. Rf1 Rfc8 30. Rxf6 Rxc2 31. Rd7 Rf8 32. Rxa6 Rxb2 33.
Raa7 b3 34. axb3 Rxb3 35. Kh2 Re3 36. h4 Kg7 37. Rd4 Re6 38. Rg4+ Rg6 39. Rf4
Rf6 40. Rxf6 Kxf6 41. g4 Rb8 42. Ra6+ Kg7 43. Ra3 Rb2+ 44. Kg3 Rb4 45. h5 h6
46. Re3 Rb1 47. Kf4 Rb4+ 48. Re4 Rb1 49. Kf5 Rf1+ 50. Ke5 Rf2 1/2-1/2

[Event "Coupe Montreal B"]
[Site "Montreal CAN"]
[Date "2005.11.17"]
[Round "5"]
[White "Le Duin, Thierry"]
[Black "Lacroix, Serge"]
[Result "1-0"]
[WhiteElo "2067"]
[BlackElo "1970"]
[PlyCount "119"]
[EventDate "2005.10.19"]
[EventType "tourn"]
[EventRounds "5"]
[EventCountry "CAN"]

1. d4 Nf6 2. Nf3 g6 3. Bg5 Bg7 4. Nbd2 d5 5. e3 O-O 6. c4 Bg4 7. h3 Bxf3 8.
Qxf3 c6 9. c5 Nbd7 10. Be2 e5 11. O-O h6 12. Bh4 e4 13. Qg3 g5 14. Bxg5 hxg5
15. Qxg5 Nh7 16. Qxd8 Raxd8 17. f4 exf3 18. Rxf3 Rde8 19. Bd3 Ng5 20. Rg3 Ne4
21. Nxe4 dxe4 22. Bc4 Kh7 23. Rf1 f5 24. Rf4 Bh6 25. Rh4 Nf6 26. Rg5 Nd5 27.
Rgh5 Rf6 28. g4 fxg4 29. hxg4 Rg8 30. Bxd5 cxd5 31. g5 Rf3 32. Rxh6+ Kg7 33.
Rh3 Rf5 34. Rg3 Rgf8 35. Rf6 R8xf6 36. gxf6+ Kxf6 37. Rg2 Ke6 38. Rg6+ Kd7 39.
Kg2 Kc7 40. b4 a6 41. a4 Rf3 42. Rg3 Rf5 43. b5 axb5 44. axb5 Kc8 45. Rg6 Kc7
46. b6+ Kc8 47. Rd6 Rf3 48. Rxd5 Rxe3 49. Re5 Kd7 50. Kf2 Rf3+ 51. Ke2 Rf4 52.
Ke3 Rh4 53. d5 Rh3+ 54. Kd4 Rh1 55. Rxe4 Rd1+ 56. Ke5 Rc1 57. Rh4 Rxc5 58. Rh7+
Kd8 59. Kd6 Rc7 60. Rh8# 1-0

[Event "Maitres - Section B"]
[Site "Montreal CAN"]
[Date "2005.10.14"]
[Round "1"]
[White "Dupuis, Stephane"]
[Black "Lacroix, Serge"]
[Result "1/2-1/2"]
[WhiteElo "2137"]
[BlackElo "2018"]
[PlyCount "84"]
[EventDate "2005.10.16"]
[EventType "tourn"]
[EventRounds "5"]
[EventCountry "CAN"]

1. e4 c5 2. Nf3 Nc6 3. d4 cxd4 4. Nxd4 d6 5. Nc3 Nf6 6. Bc4 e6 7. Be3 Be7 8.
Qe2 a6 9. O-O-O Qc7 10. Rhg1 Bd7 11. Bb3 b5 12. Nxc6 Bxc6 13. f3 O-O 14. g4 Nd7
15. g5 Nc5 16. h4 b4 17. Bxc5 dxc5 18. Nb1 Bb5 19. Bc4 Rfd8 20. Nd2 Rd4 21. h5
Qf4 22. Bxb5 axb5 23. Rg4 Qd6 24. e5 Qd5 25. Rxd4 Qxd4 26. Qe4 Rxa2 27. Qxd4
Ra1+ 28. Nb1 cxd4 29. Rxd4 Bxg5+ 30. f4 Be7 31. Rd7 Kf8 32. b3 f6 33. Rb7 fxe5
34. fxe5 g6 35. hxg6 hxg6 36. Kb2 Ra5 37. Nd2 g5 38. Ne4 g4 39. Rb8+ Kf7 40.
Rb7 Kf8 41. Rb8+ Kf7 42. Rb7 Kf8 1/2-1/2

[Event "Maitres - Section B"]
[Site "Montreal CAN"]
[Date "2005.10.15"]
[Round "2"]
[White "Lacroix, Serge"]
[Black "Poirier, Erik"]
[Result "1-0"]
[WhiteElo "2018"]
[BlackElo "2096"]
[PlyCount "79"]
[EventDate "2005.10.16"]
[EventType "tourn"]
[EventRounds "5"]
[EventCountry "CAN"]

1. e4 c5 2. Nf3 Nc6 3. d4 cxd4 4. Nxd4 Nf6 5. Nc3 e5 6. Ndb5 d6 7. Bg5 a6 8.
Bxf6 gxf6 9. Na3 b5 10. Nd5 Bg7 11. c3 Ne7 12. Nc2 Nxd5 13. Qxd5 Rb8 14. Be2
Bb7 15. Qd3 d5 16. Qg3 O-O 17. Ne3 Kh8 18. exd5 Rg8 19. Qh3 Bc8 20. Qh5 f5 21.
Rd1 Qf6 22. d6 Be6 23. Nd5 Bxd5 24. Rxd5 Bf8 25. O-O Rg5 26. Qh3 Bxd6 27. Rfd1
Bc7 28. Rd7 Rc8 29. a4 Qg6 30. axb5 Rg8 31. g3 Bb8 32. bxa6 f4 33. Rd8 fxg3 34.
Rxg8+ Qxg8 35. hxg3 e4 36. Kf1 e3 37. g4 exf2 38. Rd4 f5 39. Qd3 Bc7 40. Rd7
1-0

[Event "Maitres - Section B"]
[Site "Montreal CAN"]
[Date "2005.10.15"]
[Round "3"]
[White "Ye, Ling Feng"]
[Black "Lacroix, Serge"]
[Result "1-0"]
[WhiteElo "2051"]
[BlackElo "2018"]
[PlyCount "59"]
[EventDate "2005.10.16"]
[EventType "tourn"]
[EventRounds "5"]
[EventCountry "CAN"]

1. e4 c5 2. Nc3 e5 3. Bc4 d6 4. d3 Nf6 5. Nge2 Nc6 6. O-O Be7 7. h3 Be6 8. Ng3
O-O 9. Be3 a6 10. a4 Rb8 11. f4 exf4 12. Bxf4 Ne5 13. Qe2 Nfd7 14. Rad1 Ng6 15.
Nd5 b5 16. axb5 axb5 17. Bb3 Nde5 18. Nxe7+ Qxe7 19. Bxe6 fxe6 20. Be3 Rxf1+
21. Rxf1 Rf8 22. b3 Rxf1+ 23. Qxf1 Nc6 24. c3 Qf6 25. Qa1 Nce5 26. d4 cxd4 27.
cxd4 Nd3 28. Qc3 Ngf4 29. Qc6 Qg5 30. Qe8# 1-0

[Event "Maitres - Section B"]
[Site "Montreal CAN"]
[Date "2005.10.16"]
[Round "4"]
[White "Lacroix, Serge"]
[Black "Rousseau, Daniel"]
[Result "1/2-1/2"]
[WhiteElo "2018"]
[BlackElo "2085"]
[PlyCount "106"]
[EventDate "2005.10.16"]
[EventType "tourn"]
[EventRounds "5"]
[EventCountry "CAN"]

1. e4 e5 2. Nf3 Nc6 3. Bb5 a6 4. Ba4 Nf6 5. O-O b5 6. Bb3 Bc5 7. Re1 d6 8. h3
Bb7 9. c3 Qd7 10. d4 Bb6 11. Bc2 O-O-O 12. Be3 h6 13. a4 g5 14. axb5 axb5 15.
dxe5 Bxe3 16. Rxe3 dxe5 17. Qxd7+ Nxd7 18. Na3 b4 19. Nc4 f6 20. Nfd2 Nc5 21.
Nb3 Nxb3 22. Bxb3 bxc3 23. bxc3 Rhe8 24. Kf1 Re7 25. Rf3 Rf8 26. Rd3 Nd8 27.
Re3 Re6 28. Ke1 Rc6 29. Na5 Ra6 30. Ra4 Ba8 31. f3 Ne6 32. Bxe6+ Rxe6 33. Nc4
Bb7 34. Rd3 Ra6 35. Nb2 Rc6 36. Nd1 Ba6 37. Rd5 Rf7 38. Ra3 Bc4 39. Ra8+ Kb7
40. Rdd8 Rc5 41. Ne3 Be6 42. Rdb8+ Kc6 43. Ra6+ Kd7 44. Kd2 h5 45. Kd3 Rc6 46.
Raa8 Rd6+ 47. Kc2 f5 48. Rd8+ Ke7 49. Re8+ Kf6 50. Rh8 fxe4 51. fxe4 Ke7 52.
Rhe8+ Kf6 53. Rh8 Ke7 1/2-1/2

[Event "Maitres - Section B"]
[Site "Montreal CAN"]
[Date "2005.10.16"]
[Round "5"]
[White "Libersan, Thierry"]
[Black "Lacroix, Serge"]
[Result "1-0"]
[WhiteElo "2117"]
[BlackElo "2018"]
[PlyCount "119"]
[EventDate "2005.10.16"]
[EventType "tourn"]
[EventRounds "5"]
[EventCountry "CAN"]

1. e4 c5 2. Nf3 Nc6 3. d4 cxd4 4. Nxd4 Nf6 5. Nc3 d6 6. Bg5 e6 7. Qd2 Be7 8.
O-O-O a6 9. f4 Qc7 10. Nf3 b5 11. Bd3 Bb7 12. Rhe1 b4 13. Ne2 a5 14. Bxf6 Bxf6
15. g4 O-O 16. g5 Be7 17. f5 a4 18. Kb1 Ne5 19. Nxe5 dxe5 20. f6 gxf6 21. gxf6
Bxf6 22. Rg1+ Kh8 23. Qh6 Qe7 24. Rdf1 Rg8 25. Rxg8+ Rxg8 26. Qxf6+ Qxf6 27.
Rxf6 Kg7 28. Rf3 Rd8 29. Rg3+ Kf8 30. Kc1 Rd6 31. Rg4 b3 32. axb3 axb3 33. h4
bxc2 34. Kxc2 Bc6 35. h5 h6 36. Rg1 Be8 37. Nc3 f6 38. Be2 f5 39. exf5 exf5 40.
b4 Rd4 41. b5 e4 42. b6 Rb4 43. Rb1 Rxb1 44. Kxb1 Bc6 45. Ba6 Kg7 46. b7 Bxb7
47. Bxb7 Kf6 48. Bc6 Kg5 49. Be8 e3 50. Kc2 f4 51. Kd3 Kf5 52. Ke2 Kg4 53. Bg6
Kg3 54. Ne4+ Kg2 55. Nf6 f3+ 56. Kxe3 f2 57. Bd3 Kg3 58. Ke4 Kh4 59. Kf5 Kg3
60. Kg6 1-0

[Event "Quebec-ch classe 2000+"]
[Site "Montreal CAN"]
[Date "2005.10.08"]
[Round "1"]
[White "Masse, Hugues"]
[Black "Lacroix, Serge"]
[Result "1-0"]
[WhiteElo "2204"]
[BlackElo "2013"]
[PlyCount "91"]
[EventDate "2005.10.10"]
[EventType "swiss"]
[EventRounds "5"]
[EventCountry "CAN"]

1. d4 Nf6 2. c4 g6 3. Nc3 d5 4. Nf3 Bg7 5. Qb3 c6 6. Bf4 O-O 7. e3 e6 8. Bd3
Nbd7 9. O-O Re8 10. Rad1 Nh5 11. Bd6 Bf8 12. Bxf8 Kxf8 13. e4 dxc4 14. Bxc4 Qb6
15. Qa3+ Kg7 16. e5 a5 17. Ne4 Qb4 18. Nd6 Qxa3 19. Nxe8+ Kf8 20. bxa3 Kxe8 21.
a4 Nb6 22. Bb3 Nf4 23. Ng5 h6 24. Ne4 Ke7 25. Rd2 Nfd5 26. Rb1 f5 27. exf6+
Nxf6 28. Nxf6 Kxf6 29. Bxe6 Kxe6 30. Rxb6 Kd6 31. d5 Kc5 32. Rb3 cxd5 33. Rb5+
Kc6 34. Rdxd5 b6 35. Rd8 Kc7 36. Rg8 g5 37. Rh8 h5 38. Rxg5 b5 39. Rxc8+ Rxc8
40. Rc5+ Kb7 41. Rxc8 Kxc8 42. axb5 a4 43. f4 Kd7 44. f5 Kd6 45. f6 Ke6 46. b6
1-0